[Event "Renova Group Grand Prix Zug 2013"]
[Site "Zug SUI"]
[Date "2013.04.18"]
[Round "1.3"]
[White "Caruana, Fabiano"]
[Black "Radjabov, Teimour"]
[Result "1-0"]
[WhiteElo "2772"]
[BlackElo "2793"]
[PlyCount "102"]
[EventDate "2013.04.18"]
[EventType "tourn"]
[EventRounds "11"]
[EventCountry "SUI"]
[EventCategory "21"]
[Source "lmi"]
[SourceDate "2013.04.18"]

1. e4 e5 2. Nf3 Nc6 3. Bb5 f5 4. d3 fxe4 5. dxe4 Nf6 6. O-O Bc5 7. Bxc6 bxc6 8.
Nxe5 O-O 9. Nc3 d6 10. Na4 Qe8 11. Nd3 Nxe4 12. Naxc5 Nxc5 13. Nxc5 dxc5 14.
Be3 Qg6 15. Qd3 Bf5 16. Qc4+ Be6 17. Qe2 c4 18. f3 a6 19. Bd4 Rae8 20. Kh1 Bd5
21. Qd2 Re6 22. Bc3 h6 23. Rf2 Kh7 24. Raf1 Rf5 25. Re1 Rd6 26. Be5 Rd7 27. Qc3
Qg5 28. Rfe2 Rdf7 29. Re3 h5 30. R1e2 Qg6 31. h3 Qg5 32. Kh2 h4 33. Qd4 Re7 34.
Qg4 Kg8 35. Bc3 Rxe3 36. Rxe3 Kf7 37. Be1 Qf4+ 38. Qxf4 Rxf4 39. Ra3 Rd4 40.
Rxa6 g5 41. Ra7 Rd1 42. Rxc7+ Ke6 43. Bb4 c3 44. Bxc3 Rc1 45. Rg7 Bxa2 46. Rxg5
Rxc2 47. Rg6+ Kd7 48. Rg4 Bd5 49. Kg1 Rc1+ 50. Kf2 Rc2+ 51. Kf1 Be6 1-0

[Event "Renova Group Grand Prix Zug 2013"]
[Site "Zug SUI"]
[Date "2013.04.18"]
[Round "1.5"]
[White "Giri, Anish"]
[Black "Topalov, Veselin"]
[Result "1/2-1/2"]
[WhiteElo "2727"]
[BlackElo "2771"]
[PlyCount "72"]
[EventDate "2013.04.18"]
[EventType "tourn"]
[EventRounds "11"]
[EventCountry "SUI"]
[EventCategory "21"]
[Source "lmi"]
[SourceDate "2013.04.18"]

1. d4 Nf6 2. c4 g6 3. g3 d5 4. cxd5 Nxd5 5. Bg2 Bg7 6. Nf3 O-O 7. O-O Nb6 8.
Nc3 Nc6 9. e3 Re8 10. h3 a5 11. Qc2 e5 12. Nxe5 Nxe5 13. dxe5 Bxe5 14. e4 Qe7
15. Kh2 Bd7 16. Bh6 Qc5 17. Rac1 Bc6 18. Nd5 Qxc2 19. Rxc2 Bxd5 20. exd5 Bd6
21. Rfc1 Rad8 22. Bg5 Rc8 23. Bf4 Bxf4 24. gxf4 Rcd8 25. Rxc7 Nxd5 26. Rxb7
Nxf4 27. Rcc7 Rf8 28. Bf1 Ne6 29. Rc2 Rd5 30. Bc4 Rf5 31. Bxe6 fxe6 32. Kg1
Rg5+ 33. Kf1 Rh5 34. Kg2 Rg5+ 35. Kf1 Rh5 36. Kg2 Rg5+ 1/2-1/2

[Event "Renova Group Grand Prix Zug 2013"]
[Site "Zug SUI"]
[Date "2013.04.19"]
[Round "2.5"]
[White "Ponomariov, Ruslan"]
[Black "Caruana, Fabiano"]
[Result "1-0"]
[WhiteElo "2733"]
[BlackElo "2772"]
[PlyCount "153"]
[EventDate "2013.04.18"]
[EventType "tourn"]
[EventRounds "11"]
[EventCountry "SUI"]
[EventCategory "21"]
[Source "lmi"]
[SourceDate "2013.04.18"]

1. e4 e5 2. Nf3 Nc6 3. Bb5 a6 4. Ba4 Nf6 5. O-O b5 6. Bb3 Bc5 7. c3 d6 8. d4
Bb6 9. Be3 O-O 10. Nbd2 Re8 11. Re1 Na5 12. Bc2 c5 13. h3 Nc6 14. dxc5 dxc5 15.
a4 Rb8 16. axb5 axb5 17. c4 Nb4 18. cxb5 Bd7 19. Nc4 Bxb5 20. Nfd2 Bc7 21. Ra3
Bxc4 22. Nxc4 Qxd1 23. Bxd1 Nxe4 24. Ra7 Nd6 25. Ba4 Rec8 26. Nxe5 Nb5 27. Bxb5
Rxb5 28. Bd2 Nc2 29. Nc6 Bd6 30. Ne7+ Bxe7 31. Rexe7 Rf8 32. Bc3 Nb4 33. Red7
h6 34. Kf1 Rb6 35. f3 Nc6 36. Rac7 Nb8 37. Rd5 Na6 38. Ra7 Rc6 39. Rdd7 c4 40.
Rd4 Rfc8 41. Re7 R6c7 42. Rxc7 Rxc7 43. Ke2 Rc6 44. f4 Kf8 45. f5 g6 46. g4
gxf5 47. gxf5 Nc7 48. Kd2 Ke7 49. Re4+ Kd7 50. Bb4 Rf6 51. Re5 Ne8 52. Ke3 Rb6
53. Rd5+ Kc6 54. Rc5+ Kd7 55. Bc3 Nd6 56. Kf4 Ra6 57. Be5 f6 58. Bxf6 Ra1 59.
Bc3 Rf1+ 60. Kg4 Rf2 61. h4 Rf1 62. Rd5 Kc6 63. Ra5 Kb6 64. Re5 Kc6 65. Bb4 h5+
66. Kxh5 Nxf5 67. Kg5 Nd4 68. Rc5+ Kb6 69. Rxc4 Nf3+ 70. Kh5 Ne5 71. Re4 Nd3
72. Bc3 Kc6 73. Rc4+ Kb5 74. Rd4 Nf4+ 75. Kg4 Ne6 76. Re4 Nc5 77. Re1 1-0

[Event "Renova Group Grand Prix Zug 2013"]
[Site "Zug SUI"]
[Date "2013.04.20"]
[Round "3.3"]
[White "Karjakin, Sergey"]
[Black "Ponomariov, Ruslan"]
[Result "1/2-1/2"]
[WhiteElo "2786"]
[BlackElo "2733"]
[PlyCount "107"]
[EventDate "2013.04.18"]
[EventType "tourn"]
[EventRounds "11"]
[EventCountry "SUI"]
[EventCategory "21"]
[Source "lmi"]
[SourceDate "2013.04.18"]

1. e4 e5 2. Nf3 Nc6 3. d4 exd4 4. Nxd4 Bc5 5. Nb3 Bb6 6. Nc3 Nf6 7. Qe2 d6 8.
Be3 Be6 9. O-O-O Qe7 10. g3 O-O-O 11. Bg2 Rhe8 12. Rhe1 Kb8 13. h3 Bxb3 14.
axb3 Bxe3+ 15. Qxe3 Qe5 16. Nd5 Ne7 17. Nxf6 Qxf6 18. f4 Nc8 19. Rd4 Qe7 20.
Red1 h6 21. Qf3 c6 22. h4 Nb6 23. Qg4 f6 24. h5 Kc7 25. R4d3 Qd7 26. Qe2 Qf7
27. Qd2 Qxh5 28. Bf3 Qf7 29. Rxd6 Qf8 30. e5 fxe5 31. fxe5 Rxd6 32. exd6+ Kb8
33. Bg4 Qf6 34. c4 Qe5 35. Qf4 Qxf4+ 36. gxf4 a5 37. Rg1 g5 38. Bh5 Rd8 39.
fxg5 hxg5 40. Rxg5 Nc8 41. c5 b6 42. Bf3 bxc5 43. Rxc5 Nxd6 44. Bxc6 Rc8 45.
Rc3 Ka7 46. Ba4 Kb6 47. Kc2 Rxc3+ 48. bxc3 Kc5 49. Kd3 Nf7 50. Ke4 Nd6+ 51. Ke5
Nc4+ 52. bxc4 Kxc4 53. Kd6 Kxc3 54. Kd5 1/2-1/2

[Event "Renova Group Grand Prix Zug 2013"]
[Site "Zug SUI"]
[Date "2013.04.20"]
[Round "3.6"]
[White "Kamsky, Gata"]
[Black "Topalov, Veselin"]
[Result "1/2-1/2"]
[WhiteElo "2741"]
[BlackElo "2771"]
[PlyCount "114"]
[EventDate "2013.04.18"]
[EventType "tourn"]
[EventRounds "11"]
[EventCountry "SUI"]
[EventCategory "21"]
[Source "lmi"]
[SourceDate "2013.04.18"]

1. e4 c5 2. Nf3 d6 3. Bb5+ Nd7 4. c3 Ngf6 5. Qe2 a6 6. Ba4 b5 7. Bc2 e5 8. O-O
Be7 9. d4 cxd4 10. cxd4 O-O 11. Nc3 Bb7 12. a3 Rc8 13. Rd1 exd4 14. Rxd4 Re8
15. Bg5 Qc7 16. Re1 Nf8 17. Qd1 Ne6 18. Rd2 Nxg5 19. Nxg5 Qc5 20. Nf3 Bf8 21.
h4 h6 22. Rd4 Qa7 23. Bb3 Rc5 24. Qd2 Qa8 25. Qf4 Qc8 26. Red1 a5 27. Nh2 Rxc3
28. bxc3 Rxe4 29. Rxe4 Bxe4 30. Qd2 d5 31. a4 Bc5 32. Kf1 bxa4 33. Bxa4 Qc7 34.
g3 Qc8 35. f3 Bf5 36. g4 Be6 37. Kg2 Bd6 38. Qd4 Qc7 39. Nf1 Be5 40. Qd3 Qxc3
41. Qxc3 Bxc3 42. Ng3 Kf8 43. g5 hxg5 44. hxg5 Ne8 45. Ne2 Bb4 46. Nf4 Nd6 47.
Kh1 Nc4 48. Bc6 Bd2 49. Bxd5 Bxf4 50. Bxe6 fxe6 51. Rd4 Bxg5 52. Rxc4 Ke7 53.
f4 Bf6 54. Rc5 a4 55. Ra5 a3 56. Rxa3 g5 57. fxg5 Bxg5 1/2-1/2

[Event "Renova Group Grand Prix Zug 2013"]
[Site "Zug SUI"]
[Date "2013.04.21"]
[Round "4.1"]
[White "Kasimdzhanov, Rustam"]
[Black "Topalov, Veselin"]
[Result "1/2-1/2"]
[WhiteElo "2709"]
[BlackElo "2771"]
[PlyCount "86"]
[EventDate "2013.04.18"]
[EventType "tourn"]
[EventRounds "11"]
[EventCountry "SUI"]
[EventCategory "21"]
[Source "lmi"]
[SourceDate "2013.04.18"]

1. d4 Nf6 2. c4 g6 3. Nc3 Bg7 4. e4 d6 5. Nf3 O-O 6. Be2 e5 7. O-O exd4 8. Nxd4
Re8 9. f3 c6 10. Kh1 Nh5 11. g4 Nf6 12. Bf4 h5 13. Nf5 gxf5 14. gxf5 d5 15.
cxd5 cxd5 16. e5 Bxf5 17. exf6 Qxf6 18. Nxd5 Qxb2 19. Ne7+ Rxe7 20. Qd8+ Kh7
21. Qxe7 Bg6 22. Rad1 Nc6 23. Qe3 Qxa2 24. Bd3 Rd8 25. Bxg6+ fxg6 26. Rxd8 Nxd8
27. Be5 Ne6 28. Ra1 Qd5 29. Bxg7 Nxg7 30. Qe4 Qd7 31. Rxa7 Qd1+ 32. Kg2 Qd2+
33. Kh3 Qd7+ 34. Kg2 Qd2+ 35. Kg3 Qd6+ 36. f4 Kh6 37. Rxb7 Nf5+ 38. Kg2 Qd2+
39. Kg1 Ne3 40. Rh7+ Kxh7 41. Qe7+ Kg8 42. Qe8+ Kg7 43. Qe7+ Kg8 1/2-1/2

[Event "Renova Group Grand Prix Zug 2013"]
[Site "Zug SUI"]
[Date "2013.04.21"]
[Round "4.4"]
[White "Ponomariov, Ruslan"]
[Black "Giri, Anish"]
[Result "1/2-1/2"]
[WhiteElo "2733"]
[BlackElo "2727"]
[PlyCount "73"]
[EventDate "2013.04.18"]
[EventType "tourn"]
[EventRounds "11"]
[EventCountry "SUI"]
[EventCategory "21"]
[Source "lmi"]
[SourceDate "2013.04.18"]

1. e4 e5 2. Nf3 Nc6 3. Bb5 a6 4. Ba4 Nf6 5. O-O b5 6. Bb3 Bc5 7. c3 d6 8. d4
Bb6 9. Be3 O-O 10. Nbd2 Re8 11. h3 Na5 12. Bc2 Bb7 13. Qb1 exd4 14. cxd4 Nc4
15. Nxc4 bxc4 16. Nd2 Rb8 17. Nxc4 Bxe4 18. Bxe4 Nxe4 19. Qd3 Qd7 20. Rfc1 Nf6
21. Bd2 Ba7 22. Re1 h6 23. b3 Qb5 24. Rxe8+ Rxe8 25. Re1 Rxe1+ 26. Bxe1 Qd5 27.
Bc3 c5 28. Bb2 cxd4 29. Nd2 Qa5 30. Bxd4 Bxd4 31. Qxd4 Qxa2 32. Qxd6 a5 33.
Qd8+ Kh7 34. Qd3+ Kg8 35. Qd8+ Kh7 36. Qd3+ Kg8 37. Qd8+ 1/2-1/2

[Event "Renova Group Grand Prix Zug 2013"]
[Site "Zug SUI"]
[Date "2013.04.23"]
[Round "5.1"]
[White "Caruana, Fabiano"]
[Black "Kasimdzhanov, Rustam"]
[Result "1-0"]
[WhiteElo "2772"]
[BlackElo "2709"]
[PlyCount "137"]
[EventDate "2013.04.18"]
[EventType "tourn"]
[EventRounds "11"]
[EventCountry "SUI"]
[EventCategory "21"]
[Source "lmi"]
[SourceDate "2013.04.18"]

1. c4 e6 2. Nc3 d5 3. d4 Be7 4. cxd5 exd5 5. Bf4 c6 6. e3 Bf5 7. Nge2 Nd7 8.
Ng3 Bg6 9. Be2 Qb6 10. Qd2 Ngf6 11. h4 h5 12. a3 a5 13. Rd1 O-O 14. Bf3 Rfe8
15. Bg5 Bd6 16. Nce2 Ne4 17. Bxe4 dxe4 18. O-O a4 19. Nc3 Bxg3 20. fxg3 Qa5 21.
Qe2 Qa6 22. Qf2 f6 23. Bf4 Bf5 24. Rc1 Bg4 25. Rc2 Rad8 26. Na2 Nf8 27. Nb4 Qb5
28. Rc5 Qb6 29. Qc2 Ne6 30. Rc4 Qb5 31. Rc1 Kh8 32. Kh2 Kg8 33. Ra1 Rd7 34. Rc1
Rdd8 35. Qf2 Rd7 36. Na2 Qd5 37. Qf1 b5 38. Nb4 bxc4 39. Nxd5 cxd5 40. Qe1 Ra8
41. Qb4 Nxf4 42. gxf4 Kf7 43. Qb5 Kg6 44. Rf1 Raa7 45. Qb8 Kf5 46. Rf2 Rab7 47.
Qa8 Ra7 48. Qh8 Rab7 49. Qh7+ g6 50. Qg8 Ra7 51. Qc8 Ke6 52. Qe8+ Kf5 53. Kg1
Rdc7 54. Kf1 Rd7 55. Ke1 Rdc7 56. Rc2 Rd7 57. Qg8 Rab7 58. Qa8 Ke6 59. Qxa4 Rb3
60. Kf2 Kf7 61. Qa8 Rdb7 62. Kg1 Rd7 63. Kf2 Rdb7 64. a4 Rxb2 65. Rxb2 Rxb2+
66. Kg3 Be6 67. Qc6 Rb3 68. a5 Rxe3+ 69. Kh2 1-0

[Event "Renova Group Grand Prix Zug 2013"]
[Site "Zug SUI"]
[Date "2013.04.23"]
[Round "5.4"]
[White "Leko, Peter"]
[Black "Ponomariov, Ruslan"]
[Result "1/2-1/2"]
[WhiteElo "2744"]
[BlackElo "2733"]
[PlyCount "80"]
[EventDate "2013.04.18"]
[EventType "tourn"]
[EventRounds "11"]
[EventCountry "SUI"]
[EventCategory "21"]
[Source "lmi"]
[SourceDate "2013.04.18"]

1. d4 Nf6 2. c4 e6 3. Nf3 Bb4+ 4. Bd2 Bxd2+ 5. Qxd2 d5 6. e3 O-O 7. Nc3 Qe7 8.
Rc1 Rd8 9. Qc2 dxc4 10. Bxc4 c5 11. O-O cxd4 12. Nxd4 Bd7 13. Bb5 a6 14. Bxd7
Nbxd7 15. Na4 Qf8 16. Qc7 Rab8 17. Nb6 Nxb6 18. Qxb6 Nd5 19. Qb3 Qb4 20. a3 Qb6
21. Rc2 e5 22. Qxb6 Nxb6 23. Nf3 f6 24. Rfc1 Rbc8 25. Rxc8 Rxc8 26. Rxc8+ Nxc8
27. Nd2 Kf7 28. Kf1 Ke6 29. Ke2 Kd5 30. Kd3 Nd6 31. e4+ Kc6 32. Nc4 Nxc4 33.
Kxc4 b5+ 34. Kc3 a5 35. b4 a4 36. g4 g5 37. Kd3 Kd6 38. Kc3 Kc6 39. Kd3 Kd6 40.
Kc3 Kc6 1/2-1/2

[Event "Renova Group Grand Prix Zug 2013"]
[Site "Zug SUI"]
[Date "2013.04.24"]
[Round "6.4"]
[White "Morozevich, Alexander"]
[Black "Leko, Peter"]
[Result "1/2-1/2"]
[WhiteElo "2758"]
[BlackElo "2744"]
[PlyCount "90"]
[EventDate "2013.04.18"]
[EventType "tourn"]
[EventRounds "11"]
[EventCountry "SUI"]
[EventCategory "21"]
[Source "lmi"]
[SourceDate "2013.04.18"]

1. c4 c5 2. Nf3 Nf6 3. Nc3 Nc6 4. d4 cxd4 5. Nxd4 e6 6. g3 Bc5 7. Nb3 Be7 8.
Bg2 b6 9. O-O O-O 10. Nd5 Ba6 11. Nxe7+ Qxe7 12. Nd2 d5 13. Qa4 Bb7 14. b3 Rfd8
15. Ba3 Qd7 16. cxd5 Nxd5 17. Rfc1 e5 18. e3 h6 19. Ne4 Ncb4 20. Bxb4 Qxa4 21.
bxa4 Nxb4 22. Nf6+ gxf6 23. Bxb7 Rab8 24. Rc7 Nd5 25. Bxd5 Rxd5 26. Rxa7 Ra5
27. Rxa5 bxa5 28. Rc1 Rb4 29. a3 Rxa4 30. Rc3 f5 31. f4 f6 32. Kf2 Kg7 33. Ke2
Kg6 34. Kd3 h5 35. Ke2 h4 36. Kf3 hxg3 37. hxg3 Kg7 38. Kg2 Kg6 39. Kh3 Re4 40.
Kg2 Ra4 41. Kf3 Kg7 42. Kf2 Kg6 43. Kf3 Kg7 44. Kf2 Kg6 45. Kf3 e4+ 1/2-1/2

[Event "Renova Group Grand Prix Zug 2013"]
[Site "Zug SUI"]
[Date "2013.04.25"]
[Round "7.1"]
[White "Karjakin, Sergey"]
[Black "Kasimdzhanov, Rustam"]
[Result "1/2-1/2"]
[WhiteElo "2786"]
[BlackElo "2709"]
[PlyCount "75"]
[EventDate "2013.04.18"]
[EventType "tourn"]
[EventRounds "11"]
[EventCountry "SUI"]
[EventCategory "21"]
[Source "lmi"]
[SourceDate "2013.04.18"]

1. e4 e5 2. Nf3 Nc6 3. d4 exd4 4. Nxd4 Nf6 5. Nxc6 bxc6 6. e5 Qe7 7. Qe2 Nd5 8.
c4 Nb6 9. Nc3 Qe6 10. Qe4 Bb4 11. Bd2 Ba6 12. b3 Bxc3 13. Bxc3 d5 14. Qh4 dxc4
15. Rc1 Qg6 16. Bb4 f6 17. Qh3 Qe4+ 18. Be2 Kf7 19. Qe3 Qxe3 20. fxe3 Rhe8 21.
exf6 Rxe3 22. fxg7 Kxg7 23. Kf2 Rxe2+ 24. Kxe2 cxb3+ 25. Kf2 bxa2 26. Rxc6 Nd5
27. Bc3+ Nxc3 28. Rxc3 Bc8 29. Rxc7+ Kh8 30. Re1 Be6 31. Rc6 Rf8+ 32. Ke3 Rb8
33. Ra6 Rb1 34. Kd2 Rb2+ 35. Kc3 Rb1 36. Kd2 Rb2+ 37. Kc3 Rb1 38. Kd2 1/2-1/2

[Event "Renova Group Grand Prix Zug 2013"]
[Site "Zug SUI"]
[Date "2013.04.26"]
[Round "8.5"]
[White "Caruana, Fabiano"]
[Black "Leko, Peter"]
[Result "1/2-1/2"]
[WhiteElo "2772"]
[BlackElo "2744"]
[PlyCount "66"]
[EventDate "2013.04.18"]
[EventType "tourn"]
[EventRounds "11"]
[EventCountry "SUI"]
[EventCategory "21"]
[Source "lmi"]
[SourceDate "2013.04.18"]

1. e4 e5 2. Nf3 Nc6 3. Bb5 a6 4. Ba4 Nf6 5. O-O Be7 6. Re1 b5 7. Bb3 O-O 8. d3
d6 9. a3 Na5 10. Ba2 c5 11. Nc3 Nc6 12. Nd5 Nd4 13. Nxd4 cxd4 14. f4 Be6 15.
Nxe7+ Qxe7 16. Bb1 exf4 17. Bxf4 Ng4 18. Qd2 a5 19. Bg3 Rfc8 20. Qf4 Ne5 21.
Bf2 Nc6 22. Bh4 Qc7 23. Bg3 Ne5 24. Bf2 Nc6 25. Ba2 Bxa2 26. Rxa2 Nd8 27. Re2
Ne6 28. Qd2 Ra6 29. Ra1 Rc6 30. Rc1 Nc5 31. Rf1 Ne6 32. Rc1 Nc5 33. Rf1 Ne6
1/2-1/2

[Event "Renova Group Grand Prix Zug 2013"]
[Site "Zug SUI"]
[Date "2013.04.26"]
[Round "8.6"]
[White "Karjakin, Sergey"]
[Black "Giri, Anish"]
[Result "1/2-1/2"]
[WhiteElo "2786"]
[BlackElo "2727"]
[PlyCount "63"]
[EventDate "2013.04.18"]
[EventType "tourn"]
[EventRounds "11"]
[EventCountry "SUI"]
[EventCategory "21"]
[Source "lmi"]
[SourceDate "2013.04.18"]

1. d4 Nf6 2. c4 g6 3. Nc3 Bg7 4. e4 d6 5. f3 O-O 6. Be3 c5 7. d5 e6 8. Qd2 exd5
9. cxd5 Nbd7 10. Nh3 a6 11. a4 Ne5 12. Nf2 Bd7 13. h3 b5 14. f4 Nc4 15. Bxc4
bxc4 16. O-O Nh5 17. g4 Qh4 18. gxh5 Qg3+ 19. Kh1 Bxh3 20. Rg1 Qh4 21. Rg2 Bg4+
22. Kg1 Bf3 23. f5 Be5 24. Bg5 Bh2+ 25. Kf1 Bxg2+ 26. Kxg2 Qg3+ 27. Kh1 f6 28.
Bh6 Qh4 29. Kg2 Qg3+ 30. Kh1 Qh4 31. Kg2 Qg3+ 32. Kh1 1/2-1/2

[Event "Renova Group Grand Prix Zug 2013"]
[Site "Zug SUI"]
[Date "2013.04.28"]
[Round "9.1"]
[White "Giri, Anish"]
[Black "Kasimdzhanov, Rustam"]
[Result "1/2-1/2"]
[WhiteElo "2727"]
[BlackElo "2709"]
[PlyCount "118"]
[EventDate "2013.04.18"]
[EventType "tourn"]
[EventRounds "11"]
[EventCountry "SUI"]
[EventCategory "21"]
[Source "lmi"]
[SourceDate "2013.04.18"]

1. c4 Nf6 2. Nf3 c5 3. Nc3 d5 4. cxd5 Nxd5 5. e4 Nb4 6. Bc4 Nd3+ 7. Ke2 Nf4+ 8.
Kf1 Ne6 9. b4 cxb4 10. Ne2 Nc5 11. Ng3 Be6 12. Bxe6 Qd3+ 13. Kg1 Nxe6 14. Bb2
Nc6 15. Rc1 Rd8 16. h4 h5 17. Kh2 Nf4 18. Ne5 Qb5 19. Rxc6 bxc6 20. Qf3 f6 21.
Qxf4 fxe5 22. Bxe5 Rd3 23. Nf5 Rg8 24. Nd4 Qc4 25. Rc1 Qxc1 26. Ne6 Qc4 27. Qf5
g6 28. Nc7+ Kd8 29. Ne6+ Kd7 30. Nxf8+ Ke8 31. Nxg6 Rd7 32. Bb8 Qf7 33. Qxf7+
Kxf7 34. Ne5+ Ke6 35. Nxd7 Kxd7 36. Bxa7 Ra8 37. Bc5 Rxa2 38. Bxb4 Ra4 39. Bc5
Rxe4 40. Kh3 Ke6 41. f3 Rc4 42. Be3 Kf5 43. Bg5 e5 44. Be3 Ra4 45. Bf2 Rc4 46.
Be3 c5 47. g4+ Kg6 48. Kg3 Rc1 49. Kf2 c4 50. Bg5 Ra1 51. Ke3 Re1+ 52. Kf2 Ra1
53. Ke3 Ra4 54. gxh5+ Kxh5 55. Bf6 Ra3+ 56. Ke4 c3 57. dxc3 Rxc3 58. Bxe5 Rxf3
59. Kxf3 Kxh4 1/2-1/2

[Event "Renova Group Grand Prix Zug 2013"]
[Site "Zug SUI"]
[Date "2013.04.28"]
[Round "9.2"]
[White "Leko, Peter"]
[Black "Karjakin, Sergey"]
[Result "1/2-1/2"]
[WhiteElo "2744"]
[BlackElo "2786"]
[PlyCount "113"]
[EventDate "2013.04.18"]
[EventType "tourn"]
[EventRounds "11"]
[EventCountry "SUI"]
[EventCategory "21"]
[Source "lmi"]
[SourceDate "2013.04.18"]

1. Nf3 Nf6 2. c4 b6 3. d4 e6 4. g3 Ba6 5. b3 Bb4+ 6. Bd2 Be7 7. Nc3 O-O 8. Bg2
c6 9. e4 d5 10. exd5 cxd5 11. Ne5 Bb7 12. O-O Nc6 13. Bf4 Na5 14. Rc1 Ba3 15.
Rb1 Bb4 16. Ne2 Nc6 17. Bg5 Be7 18. Nf4 Ne4 19. cxd5 exd5 20. Nxc6 Bxc6 21.
Bxe7 Qxe7 22. Re1 Qf6 23. Rc1 Bb7 24. Re2 Rae8 25. Rc7 Ba8 26. Rxa7 Bc6 27. Rc2
Qd6 28. Qc1 Qb8 29. Ra3 Bb7 30. b4 Qd6 31. Rb3 Qf6 32. Qb2 g5 33. Nd3 Nd6 34.
a4 Nf5 35. Ne5 Nxd4 36. Qxd4 Qxe5 37. Qxe5 Rxe5 38. Re3 Ree8 39. Rc7 Ba8 40.
Ra7 Rc8 41. h3 d4 42. Re5 d3 43. Rxg5+ Kh8 44. Bxa8 Rxa8 45. Rd7 Rfd8 46. Rgd5
Rxd7 47. Rxd7 Rxa4 48. b5 Rb4 49. Kg2 Rxb5 50. Rxd3 Kg7 51. Rd6 Rb4 52. g4 Rb1
53. Kg3 b5 54. Rb6 b4 55. Kf4 Rh1 56. Rxb4 Rxh3 57. Ke4 1/2-1/2

[Event "Renova Group Grand Prix Zug 2013"]
[Site "Zug SUI"]
[Date "2013.04.28"]
[Round "9.3"]
[White "Kamsky, Gata"]
[Black "Caruana, Fabiano"]
[Result "0-1"]
[WhiteElo "2741"]
[BlackElo "2772"]
[PlyCount "80"]
[EventDate "2013.04.18"]
[EventType "tourn"]
[EventRounds "11"]
[EventCountry "SUI"]
[EventCategory "21"]
[Source "lmi"]
[SourceDate "2013.04.18"]

1. e4 e5 2. Nf3 Nc6 3. Bb5 a6 4. Ba4 Nf6 5. O-O Be7 6. d3 b5 7. Bb3 d6 8. a4
Bd7 9. Be3 O-O 10. axb5 axb5 11. Nc3 Nb4 12. Qe2 c6 13. h3 Rxa1 14. Rxa1 h6 15.
Qd2 c5 16. Qe2 Qb6 17. Nh2 Be6 18. Ng4 Nxg4 19. hxg4 Bxb3 20. cxb3 Qb7 21. g3
Qd7 22. Qf3 Bg5 23. Bxg5 hxg5 24. Qf5 Qe7 25. Kg2 g6 26. Qf3 Rb8 27. Ra5 Kg7
28. Rxb5 Ra8 29. Nd5 Nxd5 30. exd5 Qa7 31. b4 cxb4 32. Rxb4 Rh8 33. Qe3 Qa1 34.
Kf3 Qd1+ 35. Qe2 Qh1+ 36. Ke3 Qxd5 37. Qc2 Rh1 38. Qb3 Qg2 39. Qc3 Rf1 40. Qd2
d5 0-1

[Event "Renova Group Grand Prix Zug 2013"]
[Site "Zug SUI"]
[Date "2013.04.29"]
[Round "10.1"]
[White "Kasimdzhanov, Rustam"]
[Black "Ponomariov, Ruslan"]
[Result "1/2-1/2"]
[WhiteElo "2709"]
[BlackElo "2733"]
[PlyCount "78"]
[EventDate "2013.04.18"]
[EventType "tourn"]
[EventRounds "11"]
[EventCountry "SUI"]
[EventCategory "21"]
[Source "lmi"]
[SourceDate "2013.04.18"]

1. e4 e5 2. Nf3 Nc6 3. d4 exd4 4. Nxd4 Nf6 5. Nxc6 bxc6 6. e5 Qe7 7. Qe2 Nd5 8.
c4 Nb6 9. Nd2 d5 10. exd6 cxd6 11. b3 Bg4 12. f3 Be6 13. Bb2 d5 14. cxd5 Nxd5
15. O-O-O Qg5 16. h4 Qe3 17. Kb1 Be7 18. Rc1 O-O 19. g4 a5 20. Rxc6 Rfd8 21.
Ne4 a4 22. Qxe3 Nxe3 23. Bc4 Nxc4 24. bxc4 Rac8 25. Rxc8 Rxc8 26. c5 Bxc5 27.
Nxc5 Rxc5 28. Rd1 h6 29. Rd4 Rc4 30. Rxc4 Bxc4 31. g5 Kh7 32. a3 Kg6 33. Kc1
hxg5 34. hxg5 Kxg5 35. Bxg7 Kf4 36. Kb2 Kxf3 37. Be5 f5 38. Bd6 f4 39. Bxf4
Kxf4 1/2-1/2

[Event "Renova Group Grand Prix Zug 2013"]
[Site "Zug SUI"]
[Date "2013.04.29"]
[Round "10.4"]
[White "Caruana, Fabiano"]
[Black "Topalov, Veselin"]
[Result "0-1"]
[WhiteElo "2772"]
[BlackElo "2771"]
[PlyCount "98"]
[EventDate "2013.04.18"]
[EventType "tourn"]
[EventRounds "11"]
[EventCountry "SUI"]
[EventCategory "21"]
[Source "lmi"]
[SourceDate "2013.04.18"]

1. e4 c5 2. Nf3 d6 3. d4 cxd4 4. Nxd4 Nf6 5. Nc3 a6 6. Be3 e5 7. Nb3 Be6 8. f3
Be7 9. Qd2 O-O 10. O-O-O a5 11. a4 Na6 12. Bb5 Nc7 13. Bb6 Qc8 14. Bxc7 Qxc7
15. g4 Rfd8 16. g5 Nh5 17. Nd5 Bxd5 18. exd5 g6 19. Kb1 Rf8 20. Qe3 Qd8 21. h4
Nf4 22. Qg1 h6 23. Nd2 Kg7 24. gxh6+ Kxh6 25. Nc4 Qc7 26. Qe3 Kh7 27. h5 g5 28.
h6 f5 29. Qd2 Rf6 30. Rdg1 Rg6 31. Ne3 Rf8 32. Nc4 Bd8 33. Rd1 Rff6 34. Qf2
Rxh6 35. Qa7 Rxh1 36. Rxh1+ Rh6 37. Qg1 Rh4 38. Ne3 Qf7 39. Ng2 Rxh1 40. Qxh1+
Qh5 41. Qxh5+ Nxh5 42. Ne3 Ng3 43. Kc1 Kg6 44. Kd1 g4 45. fxg4 f4 46. Nc4 Bc7
47. Bd7 Kg5 48. Ke1 f3 49. Ne3 Bb6 0-1

[Event "Renova Group Grand Prix Zug 2013"]
[Site "Zug SUI"]
[Date "2013.04.29"]
[Round "10.5"]
[White "Karjakin, Sergey"]
[Black "Kamsky, Gata"]
[Result "0-1"]
[WhiteElo "2786"]
[BlackElo "2741"]
[PlyCount "112"]
[EventDate "2013.04.18"]
[EventType "tourn"]
[EventRounds "11"]
[EventCountry "SUI"]
[EventCategory "21"]
[Source "lmi"]
[SourceDate "2013.04.18"]

1. d4 d5 2. c4 c6 3. Nc3 Nf6 4. Nf3 a6 5. e3 g6 6. Bd3 Bg7 7. O-O O-O 8. Qb3
dxc4 9. Bxc4 Ne8 10. Rd1 Nd6 11. Be2 Bg4 12. e4 Nd7 13. e5 Nb5 14. a4 Nxc3 15.
bxc3 b5 16. a5 c5 17. h3 Be6 18. d5 Bf5 19. Bf4 c4 20. Qb4 Rc8 21. Bg3 Be4 22.
Ng5 Bd3 23. Bxd3 cxd3 24. e6 Rc4 25. Qb1 Nc5 26. exf7+ Rxf7 27. Nxf7 Kxf7 28.
d6 Bxc3 29. Ra3 exd6 30. Rxd3 Nxd3 31. Qxd3 Qf6 32. Qd5+ Kg7 33. Qb7+ Qf7 34.
Qxa6 b4 35. Ra4 Rd4 36. Qb6 Qe8 37. Qb7+ Kh6 38. a6 Qe1+ 39. Kh2 Rd1 40. Bf4+
g5 41. Qf7 Qg1+ 42. Kg3 Rd3+ 43. Be3 Rxe3+ 44. fxe3 Be5+ 45. Kg4 Qxg2+ 46. Kf5
Qxh3+ 47. Ke4 Qg4+ 48. Kd5 Qd1+ 49. Ke6 Qxa4 50. Qf8+ Kh5 51. Qf3+ g4 52. Qb7
Qe8+ 53. Kd5 Qg8+ 54. Kc6 Qc4+ 55. Kd7 Qf7+ 56. Kc6 Qxb7+ 0-1

[Event "Renova Group Grand Prix Zug 2013"]
[Site "Zug SUI"]
[Date "2013.04.30"]
[Round "11.1"]
[White "Leko, Peter"]
[Black "Kasimdzhanov, Rustam"]
[Result "1/2-1/2"]
[PlyCount "101"]
[EventDate "2013.04.18"]
[EventType "tourn"]
[EventRounds "11"]
[EventCountry "SUI"]
[EventCategory "21"]
[Source "lmi"]
[SourceDate "2013.04.18"]
[WhiteElo "2744"]
[BlackElo "2709"]

1. e4 e5 2. Nf3 Nc6 3. Bb5 a6 4. Ba4 Nf6 5. O-O Be7 6. d3 b5 7. Bb3 O-O 8. Nc3
d6 9. a3 Be6 10. Nd5 Na5 11. Nxf6+ Bxf6 12. Bxe6 fxe6 13. b4 Nc6 14. c3 Qd7 15.
a4 Ne7 16. Be3 Ng6 17. g3 Be7 18. h4 h6 19. Kg2 Rae8 20. Nh2 Bd8 21. axb5 axb5
22. Ra6 Kh7 23. Qh5 Ne7 24. Rfa1 Ng8 25. Qe2 Rf7 26. Ra8 Ref8 27. R1a5 Ne7 28.
R5a6 Ng8 29. Ra5 Qc6 30. Qc2 Nf6 31. R5a6 Qd7 32. Qe2 Ng8 33. R8a7 Ne7 34. Ra3
Ng6 35. Qg4 Bxh4 36. gxh4 Nf4+ 37. Bxf4 Rxf4 38. Qg3 R8f6 39. h5 Qf7 40. Ng4
Qxh5 41. Nxf6+ Rxf6 42. Rxc7 Rg6 43. Raa7 Rxg3+ 44. Kxg3 Qg5+ 45. Kf3 Qf4+ 46.
Ke2 Qg4+ 47. Kd2 Qf4+ 48. Kd1 Qg4+ 49. Kd2 Qf4+ 50. Ke2 Qg4+ 51. Kd2 1/2-1/2